Juneau - Choix multiples - Statistiques

Statistiques générales
  • Ce quiz a été pris 6 fois
  • Le résultat moyen est 5 sur 10
Statistiques - réponses
Question Réponse % Correct
De quel État des États-Unis d'Amérique Juneau est-elle la capitale ? L'Alaska
100%
Quel auteur français cite Joe Juneau dans son roman "Le Volcan d'or" (partie 1, chapitre V) ? Jules Verne
67%
Quel phénomène historique a poussé Joe Juneau sur le site de la ville qui porte aujourd'hui son nom ? La recherche d'or
67%
Reconnaissez-vous Juneau sur l'une des images suivantes ?
50%
Quelle province ou quel territoire canadien a sa frontière la plus proche de Juneau ? La Colombie-britannique
50%
Comment se nomme l'île qui fait face à Juneau ? L'Île Douglas
50%
De quelle origine était Joe Juneau, cofondateur de la ville ? Canadienne française
33%
Quelle ville des États-Unis d'Amérique a été fondée par Salomon Juneau, l'oncle de Joe ? Milwaukee
33%
Quelle sainte française a un sanctuaire qui lui est dédié à Juneau ? Sainte Thérèse de Lisieux
33%
Quel grand animal est représenté par une statue à Juneau ? Une baleine
33%
Aucun quiz correspondant
Distribution des résultats
% des personnes avec chaque résultat
Percentile par nombre de réponses
Votre historique - résultats
Vous n’avez pas pris ce quiz